000 00338 a2200109 4500
001 ART_11172
005 20260410161655.0
008 260409a
245 1 0 _aDelegue en los innovadores que tiene a su alrededor
100 1 _aHamel, Gary
773 0 _tHarvard Deusto Business Review
_g- NÂș 104 (sep./oct. 2001)
_wREV521
999 _c14609
_d14609